| 000 | 00726nam a22002297a 4500 | ||
|---|---|---|---|
| 999 |
_c13811 _d13811 |
||
| 003 | AR-CdUCM | ||
| 008 | 190416b ||||| |||| 00| 0 spa d | ||
| 040 |
_aMUNICIPALIDAD PROVINCIAL DEL CUSCO _cBIBLIOTECA MUNICIPAL DEL CUSCO |
||
| 082 |
_a869.56 / _bC78 |
||
| 100 |
_aCorcuera, Arturo _94604 |
||
| 245 |
_aPoesía de clase : _bPremio de poesía César Vallejo / |
||
| 260 |
_aLima : _bGráfica Labor, _c1968. |
||
| 300 |
_a67 páginas ; _c21 cm. |
||
| 440 |
_aEdiciones de la Rama Florida _927881 |
||
| 500 | _aBiblioteca Universitaria. | ||
| 505 | _aContenido: Poesías. | ||
| 650 |
_aLiteratura Peruana _9132 |
||
| 650 |
_aSiglo XX _98 |
||
| 650 |
_aPoesía _9139 |
||
| 942 |
_2ddc _cLIBROS |
||
| 945 |
_aachl _d2019-04-16 |
||